000 00612nam a2200217 a 4500
001 BRCA_7854
005 20190320210027.0
008 071113s1896----fr-a######---#000-0#fre-#
041 _afre
044 _afr
050 4 _aNK7149
_b.H38 1896
100 1 _aHavard, Henry
_919440
245 1 0 _aHistoire de l´orfevrerie francaise
_cpar Henry Havard.
260 _aParís
_bAncienne Maison Quantion
_c1896
300 _a470 p.
_bil. (algunas a color), 40 láminas
_c34 cm.
500 _aY78
650 1 4 _aOrfebrería
_zFrancia
_911413
650 1 4 _aOrfebrería
_xHistoria
_919441
902 _aGFM
942 _2lcc
_cB
999 _c7528
_d7528